000 00360nam a2200133Ia 4500
003 GCL
008 140319s9999 xx 000 0 eng d
040 _aGCL /
_cGCL
082 0 4 _a624.1
_bE C
245 1 0 _aCOLLECTED PAPERS ON STRUCTRAL ENGINEERING
260 _a[S.N] :
_bBEIRUT ARAB UNIVERSITY ،
_c1973
300 _a254 P
490 _aBEIRUT ARAB UNIVERSITY
_v0
999 _c19701
_d19701